Fundamentos y aplicaciones de la gestión financiera de la empresa /

Obra que plantea las herramientas básicas que permiten analizar la situación financiera de una empresa, conocer los ciclos por la que ésta atraviesa y sus fuentes de financiamiento.

Guardado en:
Bibliografiske detaljer
Hovedforfatter: Castán Farrero, José María (autor)
Format: Bog
Sprog:spansk
Udgivet: Madrid, España : Pirámide, 2005, c2005
Serier:(Empresa y Gestión Pirámide)
Fag:
Tags: Tilføj Tag
Ingen Tags, Vær først til at tagge denne postø!

MARC

LEADER 00000nam^a2200000^a^4500
001 000181145
005 20250521000000.0
009 20260310101922.519
020 |a 84-368-1946-2 
037 |a Acervo ITESO - Biblioteca 
041 |a ESP 
082 |a 658. 15  |b CAS 
100 |a Castán Farrero, José María  |e (autor) 
245 1 0 |a Fundamentos y aplicaciones de la gestión financiera de la empresa /  |c J.M. Castán Farrero. 
264 4 |a Madrid, España :  |b Pirámide,  |c 2005, c2005 
300 |a 150 p. 
336 |a texto  |b txt  |2 rdacontenido 
337 |a sin mediación  |b n  |2 rdamedio 
338 |a volumen  |b nc  |2 rdasoporte 
440 1 |a (Empresa y Gestión Pirámide) 
520 |a Obra que plantea las herramientas básicas que permiten analizar la situación financiera de una empresa, conocer los ciclos por la que ésta atraviesa y sus fuentes de financiamiento. 
649 |a XX 
650 |a Empresas -  |x Administración 
650 |a Estados Financieros 
650 |a Balance General 
650 |a Contabilidad 
650 |a Financiamiento (de Empresas, Proyectos, etc.) 
650 |a Administración Financiera 
650 |a Proceso Administrativo 
650 |a Administración 
650 |a Ciencias Administrativas 
910 |a Fondo General 
920 |a Impresos - Libros 
930 |a Colección General 
905 |a 101 
901 |a 0500120949  |b IT1  |c ACC  |u 20250521 
902 |a https://opac.biblio.iteso.mx/vufind/Record/000181145